000 00716nam a2200241Ia 4500
003 OSt
005 20220923214448.0
006 a|||||r|||| 00| 0
007 ta
008 220922b |||||||| |||| 00| 0 hin d
024 _a169,729
037 _cTextual
040 _aARTS
_cARTS
_bhin
041 _2hin
_ahin
082 _aO152,3M901:g, J8
100 _aमहेन्द्र, रामचन्द्र
_9156299
245 0 _aझलकियां
246 _aZalakiyāan
260 _c1958
650 _aहिन्दी साहित्य
_9156264
942 _hO152,3M901:g, J8
_cTEXL
_2CC
999 _c324149
_d324149